Vista normal Vista MARC
  • Khairudin, Hashim

Entrada Nombre personal

Número de registros utilizados en: 8

001 - NÚMERO DE CONTROL

  • campo de control: 41385

003 - IDENTIFICADOR DEL NÚMERO DE CONTROL

  • campo de control: OSt

005 - FECHA Y HORA DE LA ÚLTIMA TRANSACCIÓN

  • campo de control: 20200109100755.0

008 - DATOS DE LONGITUD FIJA

  • campo de control de longitud fija: 200109|| aca||aabn | a|a d

040 ## - FUENTE DE LA CATALOGACIÓN

  • Centro catalogador/agencia de origen: OSt
  • Centro/agencia transcriptor: OSt

100 ## - ENCABEZAMIENTO-NOMBRE DE PERSONA

  • Nombre de persona: Khairudin, Hashim

670 ## - FUENTE DE DATOS ENCONTRADOS

  • Cita de la fuente: Work cat.: (OSt)26582: Khairudin, Hashim, An overview of the current status of Ganoderma basal stem rot and its management in a large plantation group in Malaysia, 2008